000 00273nam a22001217a 4500
008 181204b xxu||||| |||| 00| 0 eng d
041 _aeng
080 _a510
100 _a36
101 _aMAT
245 _aIntroduction to Numerical Methods
_cStark,P.A
942 _2udc
_cBK
999 _c52780
_d52780